| 000 | 00984nmc a2200265 a 4500 | ||
|---|---|---|---|
| 003 | AR-BaBNM | ||
| 005 | 20251128205250.0 | ||
| 008 | 057019s1982 ||||||||||||||000 | spa|| | ||
| 020 | _a84-369-0955-0 | ||
| 040 | _cAR-BaBNM | ||
| 245 | 1 | 0 | _aLa reforma de la formación de profesores de educación general básica |
| 260 |
_aMadrid _bMinisterio de Educación y Ciencia _c1982 |
||
| 300 | 0 |
_a74 p. _btablas |
|
| 490 | 0 |
_aEstudios de Educación _vv. 12 |
|
| 500 | 0 | _aEste libro presenta un informe elaborado por una Comisión Asesora del Ministerio de Educación y Ciencia de España en relación a la Reforma del profesorado de Educación Básica | |
| 650 | 4 | _aFORMACION DE DOCENTES | |
| 650 | 4 | _aUNIVERSIDADES E INSTITUTOS DE ENSENANZA SUPERIOR | |
| 650 | 4 | _aPLAN DE ESTUDIOS UNIVERSITARIOS | |
| 651 | 4 | _aEspaña | |
| 653 | _aEDUCACION GENERAL BASICA | ||
| 653 | _aREFORMA EDUCATIVA | ||
| 700 | 1 |
_aMayor Zaragoza, Federico _eprologuista |
|
| 942 | _cBK | ||
| 998 | _cSILVI | ||
| 999 |
_c10658 _d10658 |
||